[Event "Girls U14 Polish Youth Championship"]
[Site "chess24.com"]
[Date "2018.05.03"]
[Round "7"]
[White "Hertlein, Irena"]
[Black "Goraj, Barbara"]
[Result "0-1"]
[Board "3"]
[WhiteElo "1582"]
[WhiteCountry "POL"]
[WhiteFideId "21817618"]
[WhiteEloChange "-5"]
[BlackElo "1784"]
[BlackCountry "POL"]
[BlackFideId "21816166"]
[BlackEloChange "5"]

1. d4 {[%clk 1:30:51]} Nf6 {[%clk 1:30:52]} 2. Bf4 {[%clk 1:31:00]} g6 {[%clk
1:30:57]} 3. Nf3 {[%clk 1:31:12]} Bg7 {[%clk 1:31:09]} 4. e3 {[%clk 1:31:10]} c5
{[%clk 1:31:17]} 5. c3 {[%clk 1:31:16]} b6 {[%clk 1:31:33]} 6. h3 {[%clk
1:30:22]} Bb7 {[%clk 1:31:04]} 7. Be2 {[%clk 1:30:08]} O-O {[%clk 1:30:30]} 8.
O-O {[%clk 1:29:40]} d5 {[%clk 1:29:47]} 9. Nbd2 {[%clk 1:26:05]} Nc6 {[%clk
1:28:37]} 10. Re1 {[%clk 1:21:47]} Nd7 {[%clk 1:27:20]} 11. Qb3 {[%clk 1:16:50]}
e5 {[%clk 1:24:59]} 12. dxe5 {[%clk 1:16:40]} Ndxe5 {[%clk 1:25:19]} 13. Nxe5
{[%clk 1:16:57]} Nxe5 {[%clk 1:25:01]} 14. Nf3 {[%clk 1:15:54]} Qe7 {[%clk
1:23:17]} 15. Nxe5 {[%clk 1:13:11]} Bxe5 {[%clk 1:23:31]} 16. Bxe5 {[%clk
1:13:35]} Qxe5 {[%clk 1:23:48]} 17. Bf3 {[%clk 1:11:36]} Rad8 {[%clk 1:22:08]}
18. Red1 {[%clk 1:04:57]} Rd6 {[%clk 1:18:21]} 19. Rd2 {[%clk 0:58:59]} Rfd8
{[%clk 1:17:20]} 20. Rad1 {[%clk 0:57:50]} Kg7 {[%clk 1:15:56]} 21. a4 {[%clk
0:51:36]} a6 {[%clk 1:11:28]} 22. Kh1 {[%clk 0:47:20]} h5 {[%clk 1:01:55]} 23.
Kg1 {[%clk 0:44:23]} Qf5 {[%clk 0:46:23]} 24. c4 {[%clk 0:28:49]} Kh7 {[%clk
0:36:07]} 25. Bxd5 {[%clk 0:23:03]} Qg5 {[%clk 0:34:54]} 26. e4 {[%clk 0:20:17]}
Bc8 {[%clk 0:32:53]} 27. f4 {[%clk 0:11:49]} Qxf4 {[%clk 0:32:46]} 28. Rf2 {[%clk
0:12:13]} Qe5 {[%clk 0:32:14]} 29. Rxf7+ {[%clk 0:12:25]} Kh8 {[%clk 0:32:29]}
30. Qe3 {[%clk 0:05:23]} g5 {[%clk 0:31:56]} 31. Qf3 {[%clk 0:05:25]} g4 {[%clk
0:32:11]} 32. Rf8+ {[%clk 0:05:22]} Kg7 {[%clk 0:31:43]} 33. Qf7+ {[%clk
0:03:11]} Kh6 {[%clk 0:32:07]} 34. Rxd8 {[%clk 0:00:38]} Rxd8 {[%clk 0:31:38]}
35. Rf1 {[%clk 0:00:35]} Kg5 {[%clk 0:27:21]} 36. hxg4 {[%clk 0:00:33]} hxg4
{[%clk 0:26:28]} 37. Rf6 {[%clk 0:00:36]} Qxf6 {[%clk 0:26:20]} 0-1

[Event "Girls U14 Polish Youth Championship"]
[Site "chess24.com"]
[Date "2018.05.03"]
[Round "7"]
[White "Marcinczyk, Monika"]
[Black "Sloniewska, Alicja"]
[Result "1-0"]
[Board "4"]
[WhiteElo "1804"]
[WhiteTitle "WCM"]
[WhiteCountry "POL"]
[WhiteFideId "1192051"]
[WhiteEloChange "2"]
[BlackElo "1360"]
[BlackCountry "POL"]
[BlackFideId "21823359"]
[BlackEloChange "-2"]

1. e4 {[%clk 1:30:57]} c6 {[%clk 1:30:37]} 2. d4 {[%clk 1:30:55]} d5 {[%clk
1:30:21]} 3. exd5 {[%clk 1:30:53]} cxd5 {[%clk 1:30:19]} 4. Bd3 {[%clk 1:31:01]}
Nc6 {[%clk 1:30:25]} 5. c3 {[%clk 1:31:14]} Nf6 {[%clk 1:30:00]} 6. Bf4 {[%clk
1:31:09]} Bg4 {[%clk 1:29:29]} 7. Qb3 {[%clk 1:29:28]} Qc8 {[%clk 1:27:41]} 8.
Nd2 {[%clk 1:25:43]} e6 {[%clk 1:26:27]} 9. Ngf3 {[%clk 1:25:00]} Be7 {[%clk
1:25:26]} 10. h3 {[%clk 1:24:00]} Bh5 {[%clk 1:24:39]} 11. O-O {[%clk 1:23:53]}
Bg6 {[%clk 1:23:39]} 12. Bxg6 {[%clk 1:20:44]} hxg6 {[%clk 1:22:55]} 13. Rfe1
{[%clk 1:17:56]} O-O {[%clk 1:21:53]} 14. Qb5 {[%clk 1:09:01]} a6 {[%clk
1:19:50]} 15. Qd3 {[%clk 1:08:43]} b5 {[%clk 1:18:39]} 16. Rac1 {[%clk 1:07:16]}
Qb7 {[%clk 1:17:01]} 17. g4 {[%clk 1:00:34]} Rac8 {[%clk 1:14:46]} 18. Ng5 {[%clk
0:56:47]} b4 {[%clk 1:11:32]} 19. Qg3 {[%clk 0:47:23]} Na5 {[%clk 1:07:50]} 20.
Be5 {[%clk 0:35:42]} Nd7 {[%clk 1:05:17]} 21. Ndf3 {[%clk 0:32:02]} Rfe8 {[%clk
0:59:44]} 22. Bf4 {[%clk 0:26:59]} Nc4 {[%clk 0:55:17]} 23. b3 {[%clk 0:24:42]}
Ncb6 {[%clk 0:52:10]} 24. h4 {[%clk 0:18:16]} Nf6 {[%clk 0:49:59]} 25. Qh3 {[%clk
0:15:30]} Nbd7 {[%clk 0:45:46]} 26. h5 {[%clk 0:13:44]} Nf8 {[%clk 0:43:50]} 27.
Ne5 {[%clk 0:12:03]} gxh5 {[%clk 0:40:39]} 28. Ngxf7 {[%clk 0:10:59]} Ng6 {[%clk
0:37:50]} 29. Nxg6 {[%clk 0:07:51]} Kxf7 {[%clk 0:37:37]} 30. gxh5 {[%clk
0:07:40]} Qb6 {[%clk 0:36:47]} 31. Be5 {[%clk 0:06:40]} a5 {[%clk 0:31:17]} 32.
Nf4 {[%clk 0:05:15]} bxc3 {[%clk 0:27:36]} 33. Re3 {[%clk 0:04:35]} Bb4 {[%clk
0:26:15]} 34. Rc2 {[%clk 0:04:17]} Nd7 {[%clk 0:21:42]} 35. Nd3 {[%clk 0:04:30]}
Nf6 {[%clk 0:19:51]} 36. Rf3 {[%clk 0:04:10]} Rh8 {[%clk 0:18:12]} 37. Qh4 {[%clk
0:03:41]} Rh6 {[%clk 0:17:10]} 38. Qg5 {[%clk 0:03:15]} Rch8 {[%clk 0:15:22]} 39.
Nf4 {[%clk 0:02:42]} Qb7 {[%clk 0:12:33]} 40. Ng6 {[%clk 0:02:39]} Rxh5 {[%clk
0:10:07]} 41. Nxh8+ {[%clk 0:02:59]} Kg8 {[%clk 0:10:11]} 42. Qg6 {[%clk
0:02:41]} Rh6 {[%clk 0:09:25]} 43. Qf7+ {[%clk 0:02:15]} Qxf7 {[%clk 0:09:43]}
44. Nxf7 {[%clk 0:02:44]} Kxf7 {[%clk 0:10:05]} 45. a3 {[%clk 0:02:43]} Bxa3
{[%clk 0:09:41]} 46. Rcxc3 {[%clk 0:03:12]} Kg6 {[%clk 0:08:42]} 47. Rc6 {[%clk
0:03:01]} Kh7 {[%clk 0:08:10]} 48. Rxe6 {[%clk 0:02:53]} Rg6+ {[%clk 0:07:38]}
49. Kf1 {[%clk 0:03:10]} Ne4 {[%clk 0:07:02]} 50. Rh3+ {[%clk 0:02:56]} Rh6
{[%clk 0:07:17]} 51. Rexh6+ {[%clk 0:02:59]} gxh6 {[%clk 0:07:40]} 52. Bf4 {[%clk
0:03:10]} Bf8 {[%clk 0:07:33]} 53. Bc7 {[%clk 0:02:56]} Bb4 {[%clk 0:07:57]} 54.
Bf4 {[%clk 0:03:06]} Bf8 {[%clk 0:08:21]} 55. Ke2 {[%clk 0:03:15]} Kg6 {[%clk
0:08:19]} 56. Rh1 {[%clk 0:03:24]} h5 {[%clk 0:07:54]} 57. Ra1 {[%clk 0:03:23]}
Bb4 {[%clk 0:07:36]} 58. Bc7 {[%clk 0:03:30]} Bc3 {[%clk 0:07:46]} 59. Rd1 {[%clk
0:02:56]} Kf5 {[%clk 0:07:38]} 60. Be5 {[%clk 0:02:02]} Bb4 {[%clk 0:07:37]} 61.
Rh1 {[%clk 0:02:04]} Kg5 {[%clk 0:07:36]} 62. Rg1+ {[%clk 0:02:20]} Kf5 {[%clk
0:07:57]} 63. Rg8 {[%clk 0:02:16]} Bc3 {[%clk 0:07:36]} 64. f3 {[%clk 0:01:47]}
Nd2 {[%clk 0:07:31]} 65. Rb8 {[%clk 0:01:43]} Nb1 {[%clk 0:07:05]} 66. Kd3 {[%clk
0:01:34]} Bb4 {[%clk 0:07:13]} 67. Rh8 {[%clk 0:01:25]} Kg6 {[%clk 0:07:08]} 68.
Rg8+ {[%clk 0:01:34]} Kf5 {[%clk 0:07:17]} 69. Rh8 {[%clk 0:01:06]} Kg6 {[%clk
0:07:41]} 70. f4 {[%clk 0:01:17]} Nd2 {[%clk 0:07:39]} 71. Rg8+ {[%clk 0:01:35]}
Kf7 {[%clk 0:06:31]} 72. Rg7+ {[%clk 0:01:51]} Ke6 {[%clk 0:06:54]} 73. Kc2
{[%clk 0:01:53]} Nf1 {[%clk 0:06:37]} 74. Rg6+ {[%clk 0:02:01]} Kf5 {[%clk
0:06:33]} 75. Rg5+ {[%clk 0:02:14]} Ke4 {[%clk 0:06:59]} 76. Rxh5 {[%clk
0:02:21]} Ne3+ {[%clk 0:07:15]} 77. Kb2 {[%clk 0:02:17]} Nd1+ {[%clk 0:07:39]}
78. Kc1 {[%clk 0:02:13]} Ne3 {[%clk 0:08:01]} 79. Rh3 {[%clk 0:02:02]} Nf5 {[%clk
0:07:25]} 80. Kc2 {[%clk 0:01:41]} Nxd4+ {[%clk 0:06:45]} 81. Bxd4 {[%clk
0:01:53]} Kxd4 {[%clk 0:07:11]} 82. f5 {[%clk 0:01:43]} Ke5 {[%clk 0:07:37]} 83.
Rf3 {[%clk 0:01:52]} Be7 {[%clk 0:07:39]} 84. Re3+ {[%clk 0:01:50]} Kf6 {[%clk
0:07:53]} 85. Re6+ {[%clk 0:01:56]} Kf7 {[%clk 0:08:17]} 86. Rxe7+ {[%clk
0:02:05]} Kxe7 {[%clk 0:08:43]} 87. Kd3 {[%clk 0:02:28]} Kf6 {[%clk 0:09:06]} 88.
Kd4 {[%clk 0:02:50]} Kxf5 {[%clk 0:09:28]} 89. Kxd5 {[%clk 0:03:19]} Kf6 {[%clk
0:09:34]} 90. Kc6 {[%clk 0:03:14]} Ke6 {[%clk 0:09:59]} 91. Kb5 {[%clk 0:03:29]}
Kd6 {[%clk 0:10:21]} 92. Kxa5 {[%clk 0:03:51]} Kc7 {[%clk 0:10:44]} 93. Ka6
{[%clk 0:04:12]} Kb8 {[%clk 0:11:10]} 94. Kb6 {[%clk 0:04:02]} Ka8 {[%clk
0:11:36]} 95. b4 {[%clk 0:04:08]} Kb8 {[%clk 0:11:57]} 96. b5 {[%clk 0:04:31]}
Ka8 {[%clk 0:12:23]} 97. Kc7 {[%clk 0:04:54]} 1-0

[Event "Girls U14 Polish Youth Championship"]
[Site "chess24.com"]
[Date "2018.05.03"]
[Round "7"]
[White "Mezykowska, Emilia"]
[Black "Adamczyk, Zuzanna"]
[Result "0-1"]
[Board "5"]
[WhiteElo "1464"]
[WhiteCountry "POL"]
[WhiteFideId "21862524"]
[WhiteEloChange "-3"]
[BlackElo "1741"]
[BlackCountry "POL"]
[BlackFideId "1187570"]
[BlackEloChange "3"]

1. e4 {[%clk 1:30:57]} c5 {[%clk 1:30:47]} 2. Nf3 {[%clk 1:31:21]} e6 {[%clk
1:30:59]} 3. d4 {[%clk 1:31:44]} cxd4 {[%clk 1:31:03]} 4. Nxd4 {[%clk 1:32:07]}
Nc6 {[%clk 1:31:22]} 5. Nb5 {[%clk 1:31:54]} d6 {[%clk 1:30:14]} 6. N1c3 {[%clk
1:30:36]} a6 {[%clk 1:28:25]} 7. Nd4 {[%clk 1:28:44]} Nf6 {[%clk 1:25:28]} 8. Be2
{[%clk 1:25:36]} Be7 {[%clk 1:22:37]} 9. Be3 {[%clk 1:23:33]} Qc7 {[%clk
1:16:42]} 10. O-O {[%clk 1:21:34]} Nxd4 {[%clk 0:52:38]} 11. Bxd4 {[%clk
1:14:37]} b5 {[%clk 0:51:11]} 12. a3 {[%clk 1:12:06]} Bb7 {[%clk 0:50:29]} 13. f3
{[%clk 1:09:43]} O-O {[%clk 0:48:35]} 14. Qd2 {[%clk 0:57:51]} Rfd8 {[%clk
0:40:12]} 15. Rfd1 {[%clk 0:49:13]} e5 {[%clk 0:37:47]} 16. Bf2 {[%clk 0:42:56]}
d5 {[%clk 0:37:15]} 17. exd5 {[%clk 0:41:43]} Nxd5 {[%clk 0:35:56]} 18. Nxd5
{[%clk 0:41:20]} Bxd5 {[%clk 0:27:38]} 19. Bd3 {[%clk 0:37:55]} f5 {[%clk
0:18:31]} 20. Qe2 {[%clk 0:32:12]} g6 {[%clk 0:16:57]} 21. a4 {[%clk 0:27:41]}
bxa4 {[%clk 0:04:38]} 22. Rxa4 {[%clk 0:24:14]} a5 {[%clk 0:04:21]} 23. Rda1
{[%clk 0:14:39]} Bb4 {[%clk 0:03:24]} 24. Bg3 {[%clk 0:09:04]} Re8 {[%clk
0:02:58]} 25. Bb5 {[%clk 0:06:25]} Re6 {[%clk 0:02:39]} 26. Qd3 {[%clk 0:05:28]}
Rd8 {[%clk 0:02:14]} 27. Rd1 {[%clk 0:05:16]} Rdd6 {[%clk 0:01:35]} 28. Qe2
{[%clk 0:03:05]} f4 {[%clk 0:01:43]} 29. Bf2 {[%clk 0:02:55]} e4 {[%clk 0:01:20]}
30. fxe4 {[%clk 0:02:22]} Rxe4 {[%clk 0:01:17]} 31. Qf1 {[%clk 0:00:44]} Qxc2
{[%clk 0:00:43]} 32. Bd3 {[%clk 0:00:38]} Qxa4 {[%clk 0:01:00]} 33. Bxe4 {[%clk
0:01:02]} Bxe4 {[%clk 0:00:48]} 34. Qc4+ {[%clk 0:00:45]} Kf8 {[%clk 0:00:50]}
35. Qc8+ {[%clk 0:00:34]} Qe8 {[%clk 0:01:03]} 36. Qg4 {[%clk 0:00:32]} Rxd1+
{[%clk 0:01:12]} 37. Qxd1 {[%clk 0:00:59]} Qe7 {[%clk 0:01:29]} 38. Qc1 {[%clk
0:00:34]} Qd6 {[%clk 0:01:19]} 39. g3 {[%clk 0:00:35]} fxg3 {[%clk 0:01:11]} 40.
hxg3 {[%clk 0:00:39]} Kg7 {[%clk 0:01:24]} 41. Kh2 {[%clk 0:00:35]} Qe5 {[%clk
0:01:25]} 42. Qd1 {[%clk 0:00:31]} Qh5+ {[%clk 0:01:26]} 43. Qxh5 {[%clk
0:00:54]} gxh5 {[%clk 0:01:55]} 44. Kh3 {[%clk 0:00:58]} Kg6 {[%clk 0:02:16]} 45.
Kh4 {[%clk 0:00:53]} Bf5 {[%clk 0:02:21]} 46. g4 {[%clk 0:01:05]} hxg4 {[%clk
0:02:49]} 47. Bd4 {[%clk 0:01:13]} Be1+ {[%clk 0:03:00]} 48. Bf2 {[%clk 0:01:39]}
Bxf2# {[%clk 0:03:25]} 0-1

[Event "Girls U14 Polish Youth Championship"]
[Site "chess24.com"]
[Date "2018.05.03"]
[Round "7"]
[White "Mytnik, Kinga"]
[Black "Krzyzosiak, Marta"]
[Result "1/2-1/2"]
[Board "6"]
[WhiteElo "1334"]
[WhiteCountry "POL"]
[WhiteFideId "21819572"]
[WhiteEloChange "6"]
[BlackElo "1567"]
[BlackCountry "POL"]
[BlackFideId "21820449"]
[BlackEloChange "-6"]

1. e4 {[%clk 1:30:57]} e5 {[%clk 1:30:50]} 2. Nf3 {[%clk 1:31:13]} Nc6 {[%clk
1:30:45]} 3. Be2 {[%clk 1:31:32]} Nf6 {[%clk 1:30:37]} 4. d3 {[%clk 1:31:34]} Bc5
{[%clk 1:30:05]} 5. c3 {[%clk 1:31:29]} d5 {[%clk 1:27:03]} 6. Nbd2 {[%clk
1:31:04]} O-O {[%clk 1:26:43]} 7. O-O {[%clk 1:31:20]} a5 {[%clk 1:25:12]} 8. a4
{[%clk 1:30:49]} h6 {[%clk 1:23:15]} 9. b3 {[%clk 1:30:16]} Be6 {[%clk 1:18:52]}
10. Qc2 {[%clk 1:25:31]} dxe4 {[%clk 1:14:17]} 11. dxe4 {[%clk 1:25:03]} Qe7
{[%clk 1:13:01]} 12. Bb2 {[%clk 1:21:40]} Rad8 {[%clk 1:09:40]} 13. Bb5 {[%clk
1:20:08]} Bg4 {[%clk 1:02:59]} 14. Ne1 {[%clk 1:16:09]} Rd7 {[%clk 0:54:04]} 15.
Kh1 {[%clk 1:12:09]} Rfd8 {[%clk 0:52:28]} 16. Ndf3 {[%clk 1:10:06]} Bxf3 {[%clk
0:49:30]} 17. Nxf3 {[%clk 1:10:15]} Rd6 {[%clk 0:47:31]} 18. Ba3 {[%clk 1:04:45]}
Bxa3 {[%clk 0:46:57]} 19. Rxa3 {[%clk 1:05:02]} Ng4 {[%clk 0:45:55]} 20. Raa1
{[%clk 1:04:37]} Rg6 {[%clk 0:43:02]} 21. h3 {[%clk 1:02:52]} Nf6 {[%clk
0:42:54]} 22. Nh4 {[%clk 1:02:05]} Rg5 {[%clk 0:41:49]} 23. Nf3 {[%clk 0:58:53]}
Rg6 {[%clk 0:39:22]} 24. Rad1 {[%clk 0:40:37]} Rxd1 {[%clk 0:37:16]} 25. Rxd1
{[%clk 0:40:45]} Nh5 {[%clk 0:36:21]} 26. g3 {[%clk 0:39:06]} Qe6 {[%clk
0:35:06]} 27. Kh2 {[%clk 0:39:08]} Rf6 {[%clk 0:31:18]} 28. Bc4 {[%clk 0:34:36]}
Qe7 {[%clk 0:30:29]} 29. Qe2 {[%clk 0:34:07]} g6 {[%clk 0:28:31]} 30. Rd5 {[%clk
0:32:41]} Rd6 {[%clk 0:26:42]} 31. Qe3 {[%clk 0:29:50]} Kh7 {[%clk 0:25:01]} 32.
Bb5 {[%clk 0:29:11]} Nf6 {[%clk 0:22:35]} 33. Bxc6 {[%clk 0:29:02]} bxc6 {[%clk
0:21:12]} 34. Rxe5 {[%clk 0:29:05]} Re6 {[%clk 0:21:22]} 35. Rxe6 {[%clk
0:29:13]} Qxe6 {[%clk 0:21:44]} 36. Nd2 {[%clk 0:28:58]} Qe5 {[%clk 0:19:41]} 37.
f4 {[%clk 0:28:06]} Qh5 {[%clk 0:19:38]} 38. Kg2 {[%clk 0:27:22]} Qd1 {[%clk
0:19:37]} 39. c4 {[%clk 0:23:03]} Qc2 {[%clk 0:17:38]} 40. Kf1 {[%clk 0:21:10]}
Qd1+ {[%clk 0:15:37]} 41. Qe1 {[%clk 0:20:10]} Qc2 {[%clk 0:15:52]} 42. e5 {[%clk
0:17:10]} Nh5 {[%clk 0:15:17]} 43. Ke2 {[%clk 0:16:54]} Qc3 {[%clk 0:15:03]} 44.
Ne4 {[%clk 0:15:43]} Qxb3 {[%clk 0:15:13]} 45. Qc3 {[%clk 0:14:12]} Qxa4 {[%clk
0:13:14]} 46. Ke3 {[%clk 0:14:02]} Qd1 {[%clk 0:11:13]} 47. Qd2 {[%clk 0:11:29]}
Qg1+ {[%clk 0:09:51]} 48. Qf2 {[%clk 0:08:41]} Qc1+ {[%clk 0:09:48]} 49. Kd4
{[%clk 0:08:42]} a4 {[%clk 0:09:17]} 50. f5 {[%clk 0:08:31]} Qa1+ {[%clk
0:07:55]} 51. Nc3 {[%clk 0:04:18]} Ng7 {[%clk 0:04:02]} 52. g4 {[%clk 0:02:34]}
Qh1 {[%clk 0:02:14]} 53. h4 {[%clk 0:01:55]} 1/2-1/2

[Event "Girls U14 Polish Youth Championship"]
[Site "chess24.com"]
[Date "2018.05.03"]
[Round "7"]
[White "Kudlak, Julia"]
[Black "Zniszczol, Wiktoria"]
[Result "1/2-1/2"]
[Board "7"]
[WhiteElo "1209"]
[WhiteCountry "POL"]
[WhiteFideId "21859990"]
[WhiteEloChange "8"]
[BlackElo "1555"]
[BlackCountry "POL"]
[BlackFideId "1194895"]
[BlackEloChange "-8"]

1. e4 {[%clk 1:30:56]} d6 {[%clk 1:30:57]} 2. d4 {[%clk 1:30:48]} Nf6 {[%clk
1:31:18]} 3. Nc3 {[%clk 1:30:56]} e5 {[%clk 1:31:36]} 4. Nf3 {[%clk 1:31:01]}
Nbd7 {[%clk 1:31:58]} 5. Be3 {[%clk 1:31:05]} Be7 {[%clk 1:32:03]} 6. h3 {[%clk
1:30:59]} O-O {[%clk 1:28:18]} 7. Be2 {[%clk 1:24:01]} a6 {[%clk 1:26:45]} 8. O-O
{[%clk 1:21:51]} b5 {[%clk 1:23:45]} 9. a3 {[%clk 1:18:54]} Bb7 {[%clk 1:23:39]}
10. Bd3 {[%clk 1:09:56]} c5 {[%clk 1:16:26]} 11. d5 {[%clk 1:05:57]} c4 {[%clk
1:12:00]} 12. Be2 {[%clk 1:05:50]} Qc7 {[%clk 1:10:15]} 13. Nd2 {[%clk 0:55:15]}
Ne8 {[%clk 0:53:05]} 14. a4 {[%clk 0:54:21]} b4 {[%clk 0:45:42]} 15. Na2 {[%clk
0:53:42]} c3 {[%clk 0:45:38]} 16. bxc3 {[%clk 0:53:17]} bxc3 {[%clk 0:45:58]} 17.
Nb1 {[%clk 0:52:51]} g6 {[%clk 0:38:25]} 18. Naxc3 {[%clk 0:42:27]} Ng7 {[%clk
0:37:53]} 19. Ra3 {[%clk 0:35:17]} f5 {[%clk 0:35:21]} 20. Bh6 {[%clk 0:31:53]}
Rf7 {[%clk 0:26:23]} 21. f4 {[%clk 0:27:06]} Qc5+ {[%clk 0:24:12]} 22. Kh1 {[%clk
0:25:25]} fxe4 {[%clk 0:22:16]} 23. Nxe4 {[%clk 0:25:14]} Qxd5 {[%clk 0:22:19]}
24. Qxd5 {[%clk 0:24:40]} Bxd5 {[%clk 0:22:36]} 25. Nbc3 {[%clk 0:24:44]} Bxe4
{[%clk 0:20:19]} 26. Nxe4 {[%clk 0:21:58]} d5 {[%clk 0:20:10]} 27. Rb3 {[%clk
0:21:21]} Nf5 {[%clk 0:13:22]} 28. Ng5 {[%clk 0:18:32]} Bxg5 {[%clk 0:12:49]} 29.
fxg5 {[%clk 0:18:14]} Nc5 {[%clk 0:11:04]} 30. Ra3 {[%clk 0:18:18]} Ne4 {[%clk
0:09:06]} 31. Kh2 {[%clk 0:17:40]} a5 {[%clk 0:07:55]} 32. g4 {[%clk 0:16:09]}
Nxh6 {[%clk 0:07:58]} 33. gxh6 {[%clk 0:16:32]} Rxf1 {[%clk 0:08:19]} 34. Bxf1
{[%clk 0:16:56]} Rf8 {[%clk 0:07:59]} 35. Bg2 {[%clk 0:17:00]} Rf2 {[%clk
0:07:30]} 36. c4 {[%clk 0:16:36]} dxc4 {[%clk 0:04:39]} 37. Re3 {[%clk 0:16:06]}
Nf6 {[%clk 0:02:56]} 38. Rxe5 {[%clk 0:15:52]} c3 {[%clk 0:01:45]} 1/2-1/2

[Event "Girls U14 Polish Youth Championship"]
[Site "chess24.com"]
[Date "2018.05.03"]
[Round "7"]
[White "Kroliczek, Gabriela"]
[Black "Slusarczyk, Milena"]
[Result "1-0"]
[Board "8"]
[WhiteElo "1729"]
[WhiteCountry "POL"]
[WhiteFideId "21816727"]
[WhiteEloChange "3"]
[BlackElo "1449"]
[BlackCountry "POL"]
[BlackFideId "21820198"]
[BlackEloChange "-3"]

1. e4 {[%clk 1:30:58]} c5 {[%clk 1:30:53]} 2. Nc3 {[%clk 1:31:21]} Nc6 {[%clk
1:31:14]} 3. Bb5 {[%clk 1:31:42]} a6 {[%clk 1:30:22]} 4. Bxc6 {[%clk 1:32:05]}
bxc6 {[%clk 1:30:25]} 5. d3 {[%clk 1:32:03]} g6 {[%clk 1:30:12]} 6. f4 {[%clk
1:31:19]} Bg7 {[%clk 1:30:01]} 7. Nf3 {[%clk 1:31:32]} d5 {[%clk 1:28:59]} 8. Bd2
{[%clk 1:31:12]} e6 {[%clk 1:27:09]} 9. Rb1 {[%clk 1:30:09]} Ne7 {[%clk 1:25:31]}
10. O-O {[%clk 1:28:55]} O-O {[%clk 1:24:10]} 11. Qe2 {[%clk 1:27:30]} a5 {[%clk
1:21:02]} 12. b3 {[%clk 1:24:51]} Ba6 {[%clk 1:15:36]} 13. e5 {[%clk 1:24:02]}
Nf5 {[%clk 1:15:00]} 14. Na4 {[%clk 1:24:06]} Qe7 {[%clk 1:10:54]} 15. Qf2 {[%clk
1:19:26]} c4 {[%clk 1:09:56]} 16. bxc4 {[%clk 1:15:47]} dxc4 {[%clk 1:10:06]} 17.
Nb6 {[%clk 1:11:15]} Ra7 {[%clk 1:08:53]} 18. Nxc4 {[%clk 1:10:50]} Bxc4 {[%clk
1:08:28]} 19. dxc4 {[%clk 1:11:15]} Rd8 {[%clk 1:05:15]} 20. Rb6 {[%clk 1:04:08]}
Qc7 {[%clk 1:02:45]} 21. Qc5 {[%clk 1:02:09]} Rc8 {[%clk 1:02:13]} 22. Rfb1
{[%clk 1:00:38]} Bf8 {[%clk 1:01:18]} 23. Qf2 {[%clk 1:00:56]} a4 {[%clk
0:59:30]} 24. Ng5 {[%clk 0:59:29]} h6 {[%clk 0:58:49]} 25. Ne4 {[%clk 0:59:43]}
c5 {[%clk 0:56:30]} 26. c3 {[%clk 0:51:55]} Qd7 {[%clk 0:54:27]} 27. Nf6+ {[%clk
0:52:03]} 1-0

[Event "Girls U14 Polish Youth Championship"]
[Site "chess24.com"]
[Date "2018.05.03"]
[Round "7"]
[White "Kieca, Aleksandra"]
[Black "Trzaskowska, Hanna"]
[Result "0-1"]
[Board "9"]
[WhiteElo "1427"]
[WhiteCountry "POL"]
[WhiteFideId "21826102"]
[WhiteEloChange "-6"]
[BlackElo "1589"]
[BlackCountry "POL"]
[BlackFideId "21820716"]
[BlackEloChange "6"]

1. e4 {[%clk 1:30:54]} e5 {[%clk 1:30:57]} 2. Nf3 {[%clk 1:31:16]} Nc6 {[%clk
1:31:23]} 3. Bb5 {[%clk 1:31:35]} a6 {[%clk 1:31:48]} 4. Ba4 {[%clk 1:31:41]} Nf6
{[%clk 1:32:04]} 5. O-O {[%clk 1:31:39]} Be7 {[%clk 1:32:26]} 6. Re1 {[%clk
1:31:58]} b5 {[%clk 1:32:50]} 7. Bb3 {[%clk 1:32:23]} d6 {[%clk 1:33:06]} 8. c3
{[%clk 1:32:26]} O-O {[%clk 1:33:23]} 9. d3 {[%clk 1:32:16]} Na5 {[%clk 1:18:42]}
10. Bc2 {[%clk 1:32:34]} c5 {[%clk 1:18:59]} 11. Nbd2 {[%clk 1:32:25]} Re8 {[%clk
1:18:07]} 12. Nf1 {[%clk 1:32:15]} Bf8 {[%clk 1:17:55]} 13. Bg5 {[%clk 1:29:41]}
h6 {[%clk 1:16:37]} 14. Bxf6 {[%clk 1:27:35]} Qxf6 {[%clk 1:16:28]} 15. Ne3
{[%clk 1:27:48]} Be6 {[%clk 1:14:39]} 16. h3 {[%clk 1:24:03]} Nc6 {[%clk
1:11:59]} 17. Nh2 {[%clk 1:17:36]} Qg5 {[%clk 1:01:40]} 18. Qf3 {[%clk 1:10:31]}
Ne7 {[%clk 0:59:11]} 19. Bb3 {[%clk 1:06:07]} Ng6 {[%clk 0:42:59]} 20. Nd5 {[%clk
1:02:56]} Rac8 {[%clk 0:40:06]} 21. Nf1 {[%clk 0:58:15]} Nf4 {[%clk 0:30:58]} 22.
Nxf4 {[%clk 0:55:39]} exf4 {[%clk 0:30:36]} 23. Kh1 {[%clk 0:53:53]} a5 {[%clk
0:24:24]} 24. Bd1 {[%clk 0:50:39]} Red8 {[%clk 0:18:27]} 25. Nd2 {[%clk 0:47:34]}
d5 {[%clk 0:17:15]} 26. Qe2 {[%clk 0:43:34]} Qf6 {[%clk 0:13:59]} 27. Nf3 {[%clk
0:42:43]} g5 {[%clk 0:13:42]} 28. e5 {[%clk 0:41:37]} Qg6 {[%clk 0:10:43]} 29.
Bc2 {[%clk 0:41:31]} Bf5 {[%clk 0:10:39]} 30. Rac1 {[%clk 0:41:38]} d4 {[%clk
0:10:23]} 31. cxd4 {[%clk 0:40:34]} cxd4 {[%clk 0:10:39]} 32. Bb1 {[%clk
0:38:24]} Bc5 {[%clk 0:09:10]} 33. Nd2 {[%clk 0:34:11]} Bb4 {[%clk 0:08:31]} 34.
a3 {[%clk 0:34:16]} Bxd2 {[%clk 0:08:34]} 35. Qxd2 {[%clk 0:34:36]} h5 {[%clk
0:06:57]} 36. f3 {[%clk 0:32:00]} Kh7 {[%clk 0:06:21]} 37. Rcd1 {[%clk 0:31:11]}
Rg8 {[%clk 0:05:21]} 38. Kg1 {[%clk 0:29:56]} g4 {[%clk 0:04:49]} 39. hxg4 {[%clk
0:30:11]} hxg4 {[%clk 0:04:39]} 40. Qxf4 {[%clk 0:24:44]} gxf3 {[%clk 0:03:59]}
41. Rd2 {[%clk 0:23:37]} fxg2 {[%clk 0:01:03]} 42. Qh2+ {[%clk 0:23:40]} Qh6
{[%clk 0:00:51]} 43. Qxh6+ {[%clk 0:23:47]} Kxh6 {[%clk 0:01:18]} 44. Rxg2 {[%clk
0:24:02]} Rxg2+ {[%clk 0:00:36]} 45. Kxg2 {[%clk 0:24:25]} Kg5 {[%clk 0:00:35]}
46. Kf3 {[%clk 0:24:22]} Bg6 {[%clk 0:00:48]} 47. Ke2 {[%clk 0:23:15]} Kf5 {[%clk
0:00:50]} 48. Kd2 {[%clk 0:23:21]} Re8 {[%clk 0:00:35]} 49. Rf1+ {[%clk 0:23:25]}
Ke6 {[%clk 0:00:38]} 50. Ba2+ {[%clk 0:23:43]} Ke7 {[%clk 0:00:39]} 51. Rf4
{[%clk 0:23:41]} Rd8 {[%clk 0:00:43]} 52. Rf6 {[%clk 0:23:09]} Rh8 {[%clk
0:00:48]} 53. Rf2 {[%clk 0:23:02]} Rh3 {[%clk 0:00:47]} 54. Bb1 {[%clk 0:23:29]}
Rh5 {[%clk 0:00:36]} 55. Re2 {[%clk 0:23:35]} Rh1 {[%clk 0:00:43]} 56. Ba2 {[%clk
0:23:18]} Rh3 {[%clk 0:00:44]} 57. Bb1 {[%clk 0:23:39]} b4 {[%clk 0:00:41]} 58.
axb4 {[%clk 0:23:12]} axb4 {[%clk 0:01:05]} 59. b3 {[%clk 0:23:01]} Ke6 {[%clk
0:00:58]} 60. Bc2 {[%clk 0:22:47]} Rh5 {[%clk 0:00:55]} 61. Bb1 {[%clk 0:22:25]}
Rxe5 {[%clk 0:01:07]} 62. Rxe5+ {[%clk 0:22:07]} Kxe5 {[%clk 0:01:32]} 63. Ke2
{[%clk 0:22:29]} Bh5+ {[%clk 0:01:14]} 64. Kf2 {[%clk 0:21:54]} Bd1 {[%clk
0:01:01]} 65. Ba2 {[%clk 0:22:14]} Kf4 {[%clk 0:00:53]} 66. Ke1 {[%clk 0:22:17]}
Bg4 {[%clk 0:00:59]} 67. Kf2 {[%clk 0:22:32]} Be6 {[%clk 0:01:12]} 68. Ke2 {[%clk
0:22:05]} Kg3 {[%clk 0:01:19]} 69. Ke1 {[%clk 0:21:53]} Kf3 {[%clk 0:01:20]} 70.
Kd2 {[%clk 0:22:10]} Kf2 {[%clk 0:01:37]} 0-1